Normal view
MARC view
- Darwin, David.
Entry Personal Name
001 - CONTROL NUMBER
- control field: 20246
003 - CONTROL NUMBER IDENTIFIER
- control field: NUST
005 - DATE AND TIME OF LATEST TRANSACTION
- control field: 20190912110142.0
008 - FIXED-LENGTH DATA ELEMENTS
- fixed length control field: 190912|| aca||aabn | a|a d
040 ## - CATALOGING SOURCE
- Original cataloging agency: NUST
- Transcribing agency: NUST
100 ## - HEADING--PERSONAL NAME
- Personal name: Darwin, David.
670 ## - SOURCE DATA FOUND
- Source citation: Work cat.: (NUST)0: Nilson, Arthur H. 20244, Design of concrete structures /, c1997.
